000 00384cam a2200157ua 4500
003 OSt
008 250610b |||||||| |||| 00| 0 eng d
041 _aeng
082 _a624.1834
_bRAM/DE
100 _aRamchandra
_9516
245 _aDesign of concrete structures vol-1 /
250 _a2 /
260 _aDelhi :
_bStandard Book House ,
_c1993.
300 _a1198 ; .
942 _cBK
999 _c9189
_d9189